| 000 | 00380nam a2200145Ia 4500 | ||
|---|---|---|---|
| 005 | 20240821155320.0 | ||
| 008 | 240821s9999||||xx |||||||||||||| ||und|| | ||
| 082 | _a891.437 AGG | ||
| 100 | _aAggarwal, Kedarnath | ||
| 245 | 0 | _aKedarnath Aggarwal ki Kavitain (HIN) | |
| 260 |
_aAllahabad _bParimal Prakashan _c1983 |
||
| 300 | _a200p | ||
| 650 | _aHindi Literature | ||
| 942 | _cBK | ||
| 999 |
_c108233 _d108233 |
||